Paises comecados por 'P' - Estadísticas

Estadísticas generales
  • Esta prueba ha sido intentada 47 veces
  • La puntuación promedio es 5 de 9
Estadísticas de respuestas
Pais % Correcto
Peru
86%
Polonia
86%
Portugal
79%
Panama
69%
Palau
50%
Paraguai
48%
Paquistao
45%
Palestina
31%
Papua Nova-Guine
31%
No se encontraron pruebas coincidentes
Distribución de puntuación
Porcentaje de gente con cada puntuación
Porcentaje por número respondido
Historial de tus puntuaciones
No has intentado esta prueba.